000
00215nam a22000857a 4500
008
161112b xxu||||| |||| 00| 0 eng d
100
_9
1162
_a
Purang.Y.P.
245
_a
Composite Science-VII
260
_a
New Delhi
_b
APC
_c
2016
999
_c
3822
_d
3822